000 00454nam a2200169Ia 4500
003 GCL
008 140319s9999 xx 000 0 eng d
040 _aGCL /
_cGCL
082 0 4 _a658.15
_bRF
100 1 _aRAO, RAMESH K. S.
245 1 0 _aFUNDAMENTALS OF FINANCIAL MANAGEMENT /
_cRAO, RAMESH K. S.
260 _a[S.N] :
_bMACMILLAN PUBLBISHING COMPANY ،
_c1989
300 _a808 PP
650 0 4 _aCORPORATIONS
650 0 4 _aFINANCE
942 _2ddc
_cBK
999 _c23295
_d23295